000 00339 a2200169 4500
001 49893
020 _a9788520000977
040 _cAnchieta - Bela Vista
100 _aCunha, Leo
240 1 0 _aVira-lata
_lpor
245 1 0 _aVira-lata
300 _a37
362 0 _a2015
440 1 _aFTD
650 4 _aLiteratura juvenil
942 _cBK
999 _c49893
_d49893